How to be pentecostal

Gardado en:
Detalles Bibliográficos
Autor Principal: Campolo, Tony
Formato: Libro
Idioma:inglés
Publicado: Dallas Word 1991
Subjects:
Tags: Engadir etiqueta
Sen Etiquetas, Sexa o primeiro en etiquetar este rexistro!

MARC

LEADER 00000nam a22000005a 4500
003 CL-ChBUA
005 20120815091516.0
008 080910s1991 xxu||||| |||| 000 ||eng
020 |a 0849908841 
040 |a CL-ChBUA  |c CL-ChBUA 
082 0 0 |a 289.94 
090 |c 23439  |d 23439 
100 1 |a Campolo, Tony 
245 1 0 |a How to be pentecostal 
260 |a Dallas  |b Word  |c 1991 
300 |a 176 p.  |c 24 cm. 
504 |a Indice 
650 4 |a PENTECOSTALISMO 
650 4 |a ESPIRITU SANTO 
942 |c LIB 
952 |0 0  |1 0  |4 0  |7 0  |9 57394  |a UNACH  |b UNACH  |c 200  |d 2008-09-10  |i 42.543  |l 0  |o 289.94 / C 186  |p 58480  |r 2012-12-27 00:00:00  |u 57394  |w 2012-08-08  |y LIB  |k 289.94 / C 186 
999 |c 23439  |d 23439